000 00326nam a22001337a 4500
008 170725b xxu||||| |||| 00| 0 eng d
020 _a9780878353293
041 _aeng
080 _a004
100 _a29
101 _aSHKI
245 _aSTRUCTURED PROGRAMMING TECHNIQUES FOR SOLVING PROBLEMS
_cFOWLER, G.C
942 _2udc
_cBK
999 _c21895
_d21895